Right to buy costs, says shelter (Record no. 71203)
[ view plain ]
| 000 -LEADER | |
|---|---|
| fixed length control field | 01055cam a2200217 4500 |
| 001 - CONTROL NUMBER | |
| control field | WB3835-11 |
| 008 - FIXED-LENGTH DATA ELEMENTS--GENERAL INFORMATION | |
| fixed length control field | 020924n2002 000 0 eng u |
| 035 ## - SYSTEM CONTROL NUMBER | |
| System control number | (Sirsi) u119812 |
| 245 ## - TITLE STATEMENT | |
| Title | Right to buy costs, says shelter |
| 260 ## - PUBLICATION, DISTRIBUTION, ETC. | |
| Date of publication, distribution, etc. | 2002 |
| 490 ## - SERIES STATEMENT | |
| Series statement | Shelter Press Release |
| Volume/sequential designation | 23 September 2002, (6) |
| 520 ## - SUMMARY, ETC. | |
| Summary, etc. | Report from Shelter argues that the Right to Buy is costing the taxpayer billions and increasing the misery of homelessness. Ben Jackson the director of Shelter says the whole scheme is a waste of money as the discounts given to tenants under the scheme over the last five years add up to nearly £4.5bn and this is more than the subsidy for affordable housing over the same period. The government is then having to spend billions on building new affordable homes to replace the ones sold under the scheme. |
| 590 ## - LOCAL NOTE (RLIN) | |
| Local note | WB |
| 650 ## - SUBJECT ADDED ENTRY--TOPICAL TERM | |
| Topical term or geographic name entry element | SHELTER |
| 650 ## - SUBJECT ADDED ENTRY--TOPICAL TERM | |
| Topical term or geographic name entry element | RIGHT TO BUY |
| 650 ## - SUBJECT ADDED ENTRY--TOPICAL TERM | |
| Topical term or geographic name entry element | Affordable housing |
| 9 (RLIN) | 6215 |
| 650 ## - SUBJECT ADDED ENTRY--TOPICAL TERM | |
| Topical term or geographic name entry element | SOCIAL HOUSING |
| 650 ## - SUBJECT ADDED ENTRY--TOPICAL TERM | |
| Topical term or geographic name entry element | TEMPORARY HOUSING |
| 690 ## - LOCAL SUBJECT ADDED ENTRY--TOPICAL TERM (OCLC, RLIN) | |
| Topical term or geographic name as entry element | Affordable housing |
| 9 (RLIN) | 6215 |
| 942 ## - ADDED ENTRY ELEMENTS (KOHA) | |
| Suppress in OPAC | 0 |
| Withdrawn status | Lost status | Source of classification or shelving scheme | Damaged status | Not for loan | Home library | Current library | Shelving location | Date acquired | Total Checkouts | Full call number | Barcode | Date last seen | Copy number | Price effective from | Koha item type |
|---|---|---|---|---|---|---|---|---|---|---|---|---|---|---|---|
| Dewey Decimal Classification | London | London | News article | 24/09/2002 | WB3835-11 | 119812-1001 | 06/08/2019 | 1 | 06/08/2019 | News article |